College Quizbowl Stats
College Quizbowl Stats
Circuits
Seasons
Sets
Records
Detailed Stats
About
Loading...
2024 ARGOS @ Brandeis
Tossups
Bonuses
Players
Teams
Categories (Tossup)
Categories (Bonus)
Khugan Chan
Import Pandas
Categories
Category
Powers
Gets
Negs
BBs
Points
Earliest Buzz
Avg. Buzz
First Buzzes
Top 3 Buzzes
BPA
PVF
History - European
0
2
0
1
20
123
129.50
0
2
0.00
0.00
Literature - European
0
1
0
0
10
141
141.00
0
1
0.00
0.00
Literature - British
0
0
0
0
0
0.00
0
0
0.00
0.00
Literature - World
0
0
0
0
0
0.00
0
0
0.00
0.00
Buzzes
Category
Answer
Value
Buzz Position
History - European
Chetniks
10
123
History - European
the Directory
10
136
Literature - European
Fuenteovejuna
10
141
Literature - World
Dom Casmurro
0
145
Literature - British
Isabel Archer
0
152
Previous
1
Next